Les oiseaux des Paradisaeidés, des Ptilonorhyncidés et des ménuridés - Statistiques

Statistiques générales
  • Ce quiz a été pris 2 fois
  • Le résultat moyen est 8 sur 75
Statistiques - réponses
Famille Genre Statut de
conservation
Réponse % Correct
Paradisaéidés Paradisornis VU Paradisier bleu
100%
Ptilonorhynchidés Amblyornis LC Jardinier de MacGregor
50%
Ptilonorhynchidés Sericulus LC Jardinier flamboyant
50%
Ptilonorhynchidés Ptilonorhynchus LC Jardinier satiné
50%
Ménuridés Menura NT Ménure d'Albert
50%
Ménuridés Menura LC Ménure superbe
50%
Paradisaéidés Drepanornis LC Paradisier d'Albertis
50%
Paradisaéidés Paradisaea LC Paradisier de Raggi
50%
Paradisaéidés Pteridophora LC Paradisier du Prince-Albert
50%
Paradisaéidés Ptiloris LC Paradisier festonné
50%
Paradisaéidés Paradisaea LC Paradisier grand-émeraude
50%
Paradisaéidés Paradisaea LC Paradisier petit-émeraude
50%
Paradisaéidés Paradisaea NT Paradisier rouge
50%
Paradisaéidés Cicinnurus LC Paradisier royal
50%
Ptilonorhynchidés Scenopoeetes LC Jardinier à bec denté
0%
Ptilonorhynchidés Ailuroedus NE Jardinier à calotte noire
0%
Ptilonorhynchidés Amblyornis LC Jardinier à front d'or
0%
Ptilonorhynchidés Amblyornis LC Jardinier à huppe orange
0%
Ptilonorhynchidés Ailuroedus LC Jardinier à joues blanches
0%
Ptilonorhynchidés Chlamydera LC Jardinier à nuque rose
0%
Ptilonorhynchidés Chlamydera LC Jardinier à poitrine fauve
0%
Ptilonorhynchidés Amblyornis LC Jardinier brun
0%
Ptilonorhynchidés Archboldia NT Jardinier d'Archbold
0%
Ptilonorhynchidés Sericulus NT Jardinier de Baker
0%
Ptilonorhynchidés Amblyornis NE Jardinier de Germain
0%
Ptilonorhynchidés Ailuroedus NE Jardinier de l'Arfak
0%
Ptilonorhynchidés Chlamydera LC Jardinier de Lauterbach
0%
Ptilonorhynchidés Ailuroedus NE Jardinier de Mayr
0%
Ptilonorhynchidés Ailuroedus NE Jardinier de Meyer
0%
Ptilonorhynchidés Ailuroedus LC Jardinier de Ramsay
0%
Ptilonorhynchidés Ailuroedus NE Jardinier de Sharpe
0%
Ptilonorhynchidés Ailuroedus NE Jardinier du Nord
0%
Ptilonorhynchidés Chlamydera LC Jardinier maculé
0%
Ptilonorhynchidés Ailuroedus LC Jardinier oreillard
0%
Ptilonorhynchidés Sericulus LC Jardinier prince-régent
0%
Ptilonorhynchidés Chlamydera LC Jardinier tacheté
0%
Ptilonorhynchidés Ailuroedus LC Jardinier vert
0%
Paradisaéidés Drepanornis NT Paradisier à bec blanc
0%
Paradisaéidés Ptiloris LC Paradisier à gorge-acier
0%
Paradisaéidés Astrapia LC Paradisier à gorge noire
0%
Paradisaéidés Paradigalla NT Paradisier à queue courte
0%
Paradisaéidés Astrapia NT Paradisier à rubans
0%
Paradisaéidés Paradigalla LC Paradisier caronculé
0%
Paradisaéidés Lycocorax LC Paradisier corvin
0%
Paradisaéidés Parotia LC Paradisier de Berlpesch
0%
Paradisaéidés Parotia LC Paradisier de Carola
0%
Paradisaéidés Paradisaea VU Paradisier de Goldie
0%
Paradisaéidés Paradisaea NT Paradisier de Guillaume
0%
Paradisaéidés Lophorina LC Paradisier de Huon
0%
Paradisaéidés Manucodia LC Paradisier de Jobi
0%
Paradisaéidés Phonygammus LC Paradisier de Keraudren
0%
Paradisaéidés Parotia LC Paradisier de Lawes
0%
Paradisaéidés Epimachus LC Paradisier de Meyer
0%
Ptilonorhynchidés Prionodura LC Paradisier de Newton
0%
Paradisaéidés Manucodia LC Paradisier d'Entrecasteaux
0%
Paradisaéidés Ptiloris LC Paradisier de Papouasie
0%
Paradisaéidés Lophorina LC Paradisier de Ramsay
0%
Paradisaéidés Astrapia LC Paradisier de Rothschild
0%
Paradisaéidés Astrapia LC Paradisier de Stéphanie
0%
Paradisaéidés Manucodia NE Paradisier de Tagula
0%
Paradisaéidés Ptiloris LC Paradisier de Victoria
0%
Paradisaéidés Parotia NT Paradisier de Wahnes
0%
Paradisaéidés Semioptera LC Paradisier de Wallace
0%
Paradisaéidés Parotia LC Paradisier d'Helena
0%
Paradisaéidés Lycocorax LC Paradisier d'Obi
0%
Paradisaéidés Epimachus LC Paradisier fastueux
0%
Paradisaéidés Diphyllodes LC Paradisier magnifique
0%
Paradisaéidés Seleucidis LC Paradisier multifil
0%
Paradisaéidés Manucodia LC Paradisier noir
0%
Paradisaéidés Diphyllodes NT Paradisier républicain
0%
Paradisaéidés Parotia LC Paradisier sifilet
0%
Paradisaéidés Astrapia LC Paradisier splendide
0%
Paradisaéidés Lophorina LC Paradisier superbe
0%
Paradisaéidés Manucodia LC Paradisier vert
0%
Ptilonorhynchidés Sericulus LC Pardisier du Prince d'Orange
0%
Aucun quiz correspondant
Distribution des résultats
% des personnes avec chaque résultat
Percentile par nombre de réponses
Votre historique - résultats
Vous n’avez pas pris ce quiz